000 ncm a22 a 4500
999 _c349615
_d349615
003 BLK
005 20200515082249.0
008 180414b bul |a|er|||| |0| c|bulo|
010 _aNOT00003959000
040 _aBLK
041 _aBUL
_cBUL
080 _aЕстрадни песни
_b784.7
_z784.7
139 _a Популярни естрадни песни
_bП 78
245 1 0 _aПопулярни естрадни песни
_cсъстав.Илия Илиев; състав. Петър Ступел
254 _aКлавир
257 _aBGR
260 _bНаука и изкуство
_c1964
_aСофия
300 _a88 с.
_c29 см
380 _a7
650 4 _aПесни, естрадни
_9317140
653 _aестрадни песни
700 1 _aИлиев, Илия
_eсъстав.
_9379540
700 1 _aСтупел, Петър
_eсъстав.
_9389267
852 _aЦб М ІІ 3108
_bИП
_c784.7/П 78
856 4 _qpdf
_u
856 4 _qpdf
_u
942 _cNOT
_n0
_s1
944 _aCR
_c2020-03-26
_kАтанаска Минкова
999 _d349615
999 _d349615
999 _d321469